000
002580000a22000970004500
100
1
_a
Jones, Peter
245
1
0
_a
Los obispos homosexuales : Un oxímoron teológico
300
_a
Vol. 6, Núm 1 (2004), Páginas 84-87
773
0
_t
Reforma Siglo 21
942
_c
ANA
999
_c
52957
_d
52957